00802nam a2200229Ia 450000500170000000800410001702000180005805000210007608200170009710000280011424000380014224501400018026000310032030000180035150000620036950400330043165000180046465000170048265000140049970000330051370000260054620231102150929.0120626s1981 sp r 000 0 spa d a978842541205904aBF637.C45bW3718 a302.2bW351t1 aWatzlawick, Pauleautor aPragmatics of Human Communication10aTeoría de la comunicación humana b: interacciones, patologías y paradojascPaul Watzlawick, Janet Beavin Bavelas, Don D. Jackson aEspañab: Herderc, 1981 a262 páginas aReimpresiones: 2008, 2012 Incluye: glosario (pp. 249-252) abibliografía (pp. 253-262)14aINTERACCIONES14aPATOLOGÍAS14aPARADOJAS1 aBeavin Bavelas, Janeteautor1 aJackson D. Doneautor